La conquista de la tercera dimensión
Saved in:
| Main Authors: | , |
|---|---|
| Format: | Book |
| Language: | Spanish |
| Published: |
Buenos Aires
Kapelusz
1964
|
| Series: | Técnicas de la educación artística
|
| Subjects: | |
| Tags: |
Add Tag
No Tags, Be the first to tag this record!
|
MARC
| LEADER | 00000nam a2200000 a 4500 | ||
|---|---|---|---|
| 001 | UCH6594 | ||
| 003 | CL-VaPUC | ||
| 008 | 091109e19640000AG |||||||||||||||||spa|d | ||
| 082 | 0 | 4 | |a 372.5 |b STE |2 21 |
| 100 | 0 | |a Stern, Arno |e author |9 543199 | |
| 700 | 0 | |a Duquet, Pierre |e author |9 543200 | |
| 245 | 1 | 3 | |a La conquista de la tercera dimensión |
| 300 | |a 77 p | ||
| 942 | |c BK | ||
| 945 | |d 20091109 00:00:00 |a ccalabra | ||
| 260 | |a Buenos Aires |b Kapelusz |c 1964 | ||
| 650 | 0 | |a Educación artística |9 269035 | |
| 650 | 0 | |a Artes manuales |9 358103 | |
| 650 | 0 | |a Desarrollo motor |9 313002 | |
| 650 | 0 | |a Creatividad |9 310816 | |
| 650 | 0 | |a Métodos de enseñanza |9 270413 | |
| 583 | |a last modification |c 20121108 09:23:05 |k Rodrigo Vera | ||
| 490 | 0 | |a Técnicas de la educación artística | |
| 999 | |c 337459 |d 337457 | ||